000 00631nam a2200193 a 4500
005 20140310183506.0
008 100921s19uu xx 00 eng d
020 _a997164018x
050 _aPZ 1
_b.T918975 1993
245 _aTwenty-two Malaysian stories:
_ban anthology of writing in English /
260 _aSingapore :
_bHeinemann Asia,
_c1993.
300 _a238 p. :
_c19 cm.
650 _aShort stories, Malayasian (English)
650 _aMalaysian fiction( English)
650 _aMalaysia--Social life and customs--fiction.
700 _aselected and edited by Lloyd Fernando
942 _cBK
_2lcc
_kFOR
999 _c24060
_d24060